000 004110000a22001690004500
003 MACL
005 20151230160605.0
008 151230b xxu||||| |||| 00| 0 eng d
040 _aMACL
_cMACL
041 _aEnglish
082 _a291/CAR
100 _aCarpenter, J Estlin
_925188
245 _aComparative Religion
260 _bWilliams and Norgate
650 _aReligion
_925189
942 _cBK
_k291/COR
_2ddc
999 _c39448
_d39448